000 00584nam a22001697a 4500
008 160318b xxu||||| |||| 00| 0 eng d
020 _a978-1-11860491-5 (hbk.)
082 _22013
_aDC 658.152
_bJ77s
100 _93903
_aJoseph, Ciby.
245 _aAdvanced credit risk analysis and management/
_cCiby Joseph.
260 _aChichester, West Sussex :
_bWiley,
_cc2013.
300 _axix, 427 pages:
_c26 cm.
500 _aIncludes bibliographical references (p. [411]-413) and index.
650 0 _93904
_aCredit
_xManagement.
650 0 _93905
_aRisk management.
942 _2ddc
_cDC
999 _c1323
_d1323